000 00912nam a2200133Ia 4500
008 220615s9999||||xx |||||||||||||| ||und||
020 _a9783040000000
245 0 _aAdvanced Materials for Electrochemical Energy Conversion and Storage Devices
546 _aEnglish[eng]
650 _asol-gel synthesis||EDTA chelator||cathode materials||layered oxide||doping||lithium-ion batteries||alkaline electrolyser||electrocatalyst||electrodeposition||energy material||nanofilm||nickel foam||oxygen evolution reaction||PANI, LiFePO4||conducting polymers||hybrid materials||Li-doped NiO||microwave synthesis||computational simulation||electrochemical measurements||photoluminescence||MC polymer electrolyte||impedance study||ion transport||ftir analysis||TNM||LSV||CV analyses||n/a
700 _aSantos, Diogo Miguel Franco dos||Šljukić, Biljana
856 _uhttps://mdpi.com/books/pdfview/book/5037
942 _cEB
999 _c16028
_d16028